000 00723nam a22001817a 4500
003 BD-DhUL
005 20180416103451.0
008 180416s2011 nyu||||| |||| 00| 0 eng d
040 _aBD-DhUL
_cBD-DhUL
082 _a330.95
_bUNC
110 1 _aUnited Nations
245 1 0 _aCommittee on economic, social and cultural rights :
_breport on the forty-fourth and forty-fifth sessions (3-21 May 2010, 1-19 November 2010) /
_cUnited Nations.
260 _aNew York :
_bUnited Nations,
_c2011
300 _aiv, 115 p. :
_bill. ;
_c30 cm
504 _a"Economic and social council, official records, 2011, supplement no. 2" Includes bibliographical references
650 0 _aEconomic situations and conditions
942 _2ddc
_cBK
999 _c240418
_d240418